[Event "ITA-chT (Women) 10th"]
[Site "Gallipoli"]
[Date "2017.04.28"]
[Round "1.1"]
[White "Fierro Baquero, Martha Lorena"]
[Black "Esposito, Francesca"]
[Result "1-0"]
[WhiteElo "2365"]
[BlackElo "1501"]
[PlyCount "83"]
[EventDate "2017.04.28"]
[EventType "team-tourn"]
[EventRounds "7"]
[EventCountry "ITA"]
[SourceTitle "CBM 178 Extra"]
[Source "ChessBase"]
[SourceDate "2017.06.22"]
[SourceVersion "1"]
[SourceVersionDate "2017.06.22"]
[SourceQuality "1"]
[WhiteTeam "Padova Obiettivo (W)"]
[BlackTeam "Potenza Stampa Digitale (W)"]
[WhiteTeamCountry "ITA"]
[BlackTeamCountry "ITA"]

1. e4 e5 2. Nf3 Nc6 3. Bb5 d6 4. d4 exd4 5. Nxd4 Bd7 6. 0-0 Nf6 7. Re1 Nxd4 8. Bxd7+ Qxd7 9. Qxd4 Be7 10. c4 0-0 11. Nc3 a6 12. b3 Rfe8 13. Bb2 c6 14. Rad1 Rad8 15. h3 Qc7 16. Qe3 h6 17. Qg3 b5 18. cxb5 axb5 19. Rc1 Qd7 20. Ne2 Nh5 21. Qf3 Bf6 22. Bd4 Bg5 23. Qxh5 Bxc1 24. Nxc1 Qe6 25. Re3 f6 26. Nd3 Qf7 27. Qd1 Qb7 28. Rg3 Rf8 29. Be3 Qe7 30. Bxh6 Rf7 31. Qg4 Rd7 32. Be3 Kf8 33. Nf4 Ke8 34. Ne6 g5 35. h4 gxh4 36. Rh3 Rb7 37. Rxh4 Kd7 38. Nc5+ Kc7 39. Nxb7 Kxb7 40. Rh8 Rf8 41. Rxf8 Qxf8 42. Qd7+ 1-0

[Event "Treviso op-C 1st"]
[Site "Treviso"]
[Date "2017.03.17"]
[Round "1.17"]
[White "Esposito, Francesca"]
[Black "Levorin, Fabrizio"]
[Result "1/2-1/2"]
[WhiteElo "1469"]
[BlackElo "1618"]
[PlyCount "50"]
[EventDate "2017.03.17"]
[EventType "swiss"]
[EventRounds "5"]
[EventCountry "ITA"]
[SourceTitle "EXT 2024"]
[Source "ChessBase"]
[SourceDate "2023.10.10"]
[SourceVersion "1"]
[SourceVersionDate "2023.10.10"]
[SourceQuality "1"]

1. e4 c5 2. Nf3 e6 3. Nc3 a6 4. Be2 Nc6 5. d3 Be7 6. Bf4 d6 7. 0-0 Nf6 8. h3 0-0 9. Qd2 b5 10. a3 Bb7 11. Rfe1 Re8 12. Bf1 Bf8 13. Bg5 Be7 14. Rad1 Nd7 15. Bxe7 Nxe7 16. Qf4 e5 17. Qh4 Nf6 18. Ne2 Ng6 19. Qg3 Qb6 20. Nh4 c4 21. Nf5 Rad8 22. Qg5 d5 23. Neg3 cxd3 24. cxd3 d4 25. Be2 Kh8 1/2-1/2

[Event "Mestre Cipressina op-B 5th"]
[Site "Mestre"]
[Date "2016.11.27"]
[Round "5"]
[White "Esposito, Francesca"]
[Black "Esposito, Bruno"]
[Result "1/2-1/2"]
[WhiteElo "1538"]
[BlackElo "1528"]
[PlyCount "120"]
[EventDate "2016.11.25"]
[EventType "swiss"]
[EventRounds "5"]
[EventCountry "ITA"]
[SourceTitle "EXT 2022"]
[Source "ChessBase"]
[SourceDate "2021.10.06"]
[SourceVersion "1"]
[SourceVersionDate "2021.10.06"]
[SourceQuality "1"]

1. e4 c5 2. Nf3 e6 3. d4 cxd4 4. Nxd4 Nc6 5. a3 Bc5 6. Nxc6 bxc6 7. Nc3 Nf6 8. Bg5 Qb6 9. Qd2 Ng4 10. Bh4 Qxb2 11. Rb1 Qxa3 12. Rb3 Qa1+ 13. Rb1 Qa5 14. Bd3 Bb4 15. 0-0 Bxc3 16. Qf4 Ne5 17. Qg5 Ng6 18. Qg3 Nxh4 19. Qxh4 Bf6 20. Qg3 0-0 21. Qh3 h6 22. f4 Bd4+ 23. Kh1 Ba6 24. Rf3 Rab8 25. Rd1 Bxd3 26. Rfxd3 c5 27. c3 Bxc3 28. Rxc3 Rb4 29. Qe3 Rd4 30. Rcd3 Rxd3 31. Qxd3 Rd8 32. Rc1 Qb4 33. g3 d5 34. exd5 Rxd5 35. Qa6 Qb6 36. Qe2 a5 37. g4 a4 38. Rf1 a3 39. f5 Qb2 40. Qe1 Re5 41. Qg3 a2 42. fxe6 a1Q 43. exf7+ Kf8 44. Rxa1 Qxa1+ 45. Kg2 Re2+ 46. Kh3 Qf1+ 47. Kh4 Qf2 48. Qxf2 Rxf2 49. Kg3 Rxf7 50. h3 c4 51. Kh4 c3 52. Kh5 c2 53. Kg6 c1N 54. h4 Rf4 55. g5 Rxh4 56. gxh6 Rxh6+ 57. Kf5 Ne2 58. Ke4 Rf6 59. Ke3 g5 60. Kxe2 g4 1/2-1/2

[Event "Mestre Cipressina op-B 5th"]
[Site "Mestre"]
[Date "2016.11.27"]
[Round "4"]
[White "Pasin, Mattia"]
[Black "Esposito, Francesca"]
[Result "1/2-1/2"]
[WhiteElo "1448"]
[BlackElo "1538"]
[PlyCount "49"]
[EventDate "2016.11.25"]
[EventType "swiss"]
[EventRounds "5"]
[EventCountry "ITA"]
[SourceTitle "EXT 2022"]
[Source "ChessBase"]
[SourceDate "2021.10.06"]
[SourceVersion "1"]
[SourceVersionDate "2021.10.06"]
[SourceQuality "1"]

1. d4 e6 2. c4 c5 3. e3 Nf6 4. Nf3 cxd4 5. exd4 d5 6. Nc3 Be7 7. a3 0-0 8. Bf4 a6 9. b4 Bd7 10. c5 Nh5 11. Bg3 Nxg3 12. hxg3 Bf6 13. Be2 Qc7 14. Bd3 h6 15. Ne2 Nc6 16. Bc2 b6 17. Ra2 Ne7 18. Qd3 Ng6 19. Nf4 Bb5 20. Qe3 Nxf4 21. gxf4 a5 22. bxa5 Rxa5 23. Ne5 Bxe5 24. fxe5 bxc5 25. Rxh6 1/2-1/2

[Event "Mestre Cipressina op-B 4th"]
[Site "Mestre"]
[Date "2015.11.29"]
[Round "4"]
[White "Tencheni, Maurizio"]
[Black "Esposito, Francesca"]
[Result "0-1"]
[WhiteElo "1730"]
[BlackElo "1515"]
[PlyCount "146"]
[EventDate "2015.11.27"]
[EventType "swiss"]
[EventRounds "5"]
[EventCountry "ITA"]
[SourceTitle "EXT 2022"]
[Source "ChessBase"]
[SourceDate "2021.10.06"]
[SourceVersion "1"]
[SourceVersionDate "2021.10.06"]
[SourceQuality "1"]

1. Nf3 Nc6 2. b3 e5 3. d3 h6 4. Nbd2 Bb4 5. Bb2 d6 6. a3 Ba5 7. g3 Nf6 8. Bg2 0-0 9. 0-0 Bg4 10. Nc4 Bb6 11. Nxb6 axb6 12. c4 Qd7 13. Re1 Bh3 14. Bh1 Nh5 15. b4 f5 16. d4 e4 17. d5 Ne7 18. Nd4 f4 19. Bxe4 fxg3 20. fxg3 Nxg3 21. hxg3 Qg4 22. Qd3 Rf4 23. Bg2 Raf8 24. Bxh3 Qxh3 25. gxf4 Qg4+ 26. Kh2 Rxf4 27. Qg3 Qh5+ 28. Kg2 Rg4 29. Qxg4 Qxg4+ 30. Kf2 Qh4+ 31. Ke3 c6 32. dxc6 bxc6 33. Rg1 g5 34. Raf1 Qh5 35. Ne6 Qh3+ 36. Rf3 Qxe6+ 37. Kd3 b5 38. Rgf1 Qxc4+ 39. Kd2 Ng6 40. e3 Qd5+ 41. Kc2 Qc4+ 42. Kd2 Qd5+ 43. Kc2 Qc4+ 44. Kd2 Qa2 45. Kc1 Qe6 46. Kd2 Ne5 47. Rf8+ Kh7 48. Kc2 Kg6 49. Kb1 g4 50. e4 h5 51. Rh8 Nf3 52. Ka1 Qxe4 53. Rg8+ Kf7 54. Rg7+ Ke6 55. Rg8 Qc4 56. Rc1 Qd3 57. Rc3 Qd5 58. Re3+ Kf5 59. Rf8+ Kg5 60. Bf6+ Kg6 61. Bb2 Qd1+ 62. Ka2 Qd5+ 63. Ka1 Ne5 64. Re1 Qb3 65. Ref1 Nd3 66. R8f6+ Kg5 67. R6f5+ Kh4 68. Rh1+ Kg3 69. Rg1+ Kh2 70. Rb1 Nxb2 71. Rxb2+ Qxb2+ 72. Kxb2 h4 73. Kc2 g3 0-1

[Event "Mestre Cipressina op-B 4th"]
[Site "Mestre"]
[Date "2015.11.28"]
[Round "2"]
[White "Anoe`, Lorenzo"]
[Black "Esposito, Francesca"]
[Result "1-0"]
[WhiteElo "1750"]
[BlackElo "1515"]
[PlyCount "103"]
[EventDate "2015.11.27"]
[EventType "swiss"]
[EventRounds "5"]
[EventCountry "ITA"]
[SourceTitle "EXT 2022"]
[Source "ChessBase"]
[SourceDate "2021.10.06"]
[SourceVersion "1"]
[SourceVersionDate "2021.10.06"]
[SourceQuality "1"]

1. e4 e5 2. Bc4 Nf6 3. d3 Nc6 4. Nf3 h6 5. c3 d6 6. Bb3 Be7 7. Nbd2 Bg4 8. h3 Bh5 9. Nf1 d5 10. exd5 Nxd5 11. Ng3 Bg6 12. 0-0 Nf4 13. d4 Nd3 14. Nxe5 Ndxe5 15. dxe5 Nxe5 16. Qxd8+ Rxd8 17. Bf4 f6 18. Bxe5 fxe5 19. Rad1 Rf8 20. Rxd8+ Kxd8 21. Re1 Bc5 22. Re2 Kc8 23. Be6+ Kb8 24. Bd5 c6 25. Be4 Bf7 26. b3 g6 27. Bd3 Kc8 28. Rxe5 Bd6 29. Re3 Bxg3 30. Rxg3 g5 31. Rf3 Kd7 32. Bg6 Ke7 33. Rxf7+ Rxf7 34. Bxf7 Kxf7 35. f3 h5 36. g3 Kf6 37. Kf2 Kf5 38. Ke3 c5 39. f4 gxf4+ 40. gxf4 a6 41. Kf3 h4 42. Ke3 b6 43. Kf3 b5 44. Ke3 Kf6 45. Ke4 a5 46. c4 bxc4 47. bxc4 a4 48. a3 Ke6 49. f5+ Kf6 50. Kf4 Kf7 51. Kg5 Kg7 52. Kxh4 1-0